Japanese sense of beauty / (Record no. 13367)
[ view plain ]
| 000 -LEADER | |
|---|---|
| fixed length control field | 00914cam a22002891a 4500 |
| 001 - CONTROL NUMBER | |
| control field | 13367 |
| 003 - CONTROL NUMBER IDENTIFIER | |
| rucl marc code | BD-RjUL |
| 005 - DATE AND TIME OF LATEST TRANSACTION | |
| control field | 20211208235437.0 |
| 008 - FIXED-LENGTH DATA ELEMENTS--GENERAL INFORMATION | |
| fixed length control field | 140201s1963 ja 000 0 eng d |
| 035 ## - SYSTEM CONTROL NUMBER | |
| System control number | (BD-RjUL)13418 |
| System control number | (OCoLC)1269429 |
| 040 ## - CATALOGING SOURCE | |
| Original cataloging agency | DLC |
| Transcribing agency | FO |
| Modifying agency | OCoLC |
| -- | InLP |
| -- | DLC |
| -- | BD-RjUL |
| Language of cataloging | eng |
| 041 1# - LANGUAGE CODE | |
| Language code of text/sound track or separate title | eng |
| Language code of original | jpn |
| 082 ## - DEWEY DECIMAL CLASSIFICATION NUMBER | |
| Classification number | 709.52 |
| Author mark and year | JAP 1963 |
| 245 10 - TITLE STATEMENT | |
| Title | Japanese sense of beauty / |
| Statement of responsibility, etc. | compiled, the Asahi weekly ; text, Seiroku Noma ; photographs, Zenkichi Kokubo. |
| 250 ## - EDITION STATEMENT | |
| Edition statement | 1st ed. |
| 260 ## - PUBLICATION, DISTRIBUTION, ETC. (IMPRINT) | |
| Place of publication, distribution, etc. | Tokyo, Japan : |
| Name of publisher, distributor, etc. | Asahi Shimbun Pub. Co. ; |
| Date of publication, distribution, etc. | c1963. |
| 300 ## - PHYSICAL DESCRIPTION | |
| Pagination | iv, 143 p. : |
| Illustrations | chiefly ill. (some col.) ; |
| Size | 26 cm. |
| 500 ## - GENERAL NOTE | |
| General note | Translation of: Nihon-bi saiken. |
| 650 #0 - SUBJECT ADDED ENTRY--TOPICAL TERM | |
| Topical term or geographic name as entry element | Art, Japanese. |
| 9 (RLIN) | 41659 |
| 700 1# - ADDED ENTRY--PERSONAL NAME | |
| Personal name | Noma, Seiroku |
| Personal name | Kokubo, Zenkichi. |
| 942 ## - ADDED ENTRY ELEMENTS (KOHA) | |
| Source of classification or shelving scheme | Dewey Decimal Classification |
| Koha item type | Books |
| Lost status | Source of classification or shelving scheme | Damaged status | Not for loan | Collection code | Permanent Location | Current Location | Shelving location | Date acquired | Source of acquisition | Cost, normal purchase price | Total Checkouts | Full call number | Date last seen | Copy number | Koha item type |
|---|---|---|---|---|---|---|---|---|---|---|---|---|---|---|---|
| Dewey Decimal Classification | Not For Loan | Non-fiction | Central Library, University of Rajshahi | Central Library, University of Rajshahi | Reading Room | 14/08/1972 | Paramount Book corp. | 63.00 | 709.52 JAP 1963 | 01/02/2014 | C-1 | Books |